000 00607nam a2200205 i 4500
001 54441
003 ES-MaACL
005 20230906162945.0
007 t|
008 031205s1907 fr ||||1| fre d
100 1 _aFons, Pierre.
_951511
245 1 0 _aSully Prudhomme
_b: biographie... /
_cpar Pierre Fons.
260 _aParis :
_bE. Sansot,
_c1907.
300 _a46 p. :
_bretr. ;
_c18 cm.
490 1 _aLes célébrités d'aujourd'hui
600 1 4 _aSully Prudhomme-
_xBiografías.
_9108765
830 0 _aLes célébrités d'aujourd'hui
_9180788
852 _aES-MaACL
_jD-758(1)
999 _c54441
_d54441